00491nam a22001577a 450000500170000001000150001702000260003203500140005803700130007208200100008510000210009524500720011626000440018827000800023230000210031220150825113724.0 aENG-113555 c250.00a9789350098745 aEN- 97087 bDBAD/PUB a174.4 aMaxwell, John C. aEthics 101 :cby John C. Maxwellbwhat every leader needs to know / aGurgaonbHachette Book Publishingc2015 a4th & 5th Floors, Corporate Center, Plot No. 94, Sector 44bGurgaone122003 a110p.c21cm(pbk)